01464cam a22003617a 450000100090000000300120000900500170002100800410003801000170007901500210009601600220011702000190013902000160015803500240017404000920019804200140029005000220030408200240032610000260035024501070037626000350048330000460051850400540056465000260061865000240064465000260066870000170069490600450071194200120075699900190076895201450078795201700093217020288Nust- CAS-E20180118181358.0111025s2010 gw a b 000 0 eng d a 2011499406 a09,N45,07362dnb7 a9975733252DE-101 a9783527405152  a3527405151  a(OCoLC)ocn641077023 aSISPLbengcSISPLdSISPLdGWDNBdBWXdHEBISdUABdMYGdYDXCPdVPIdCDXdVRCdOCLCQdDLC alccopycat00aTK1056b.V64 201004a621.31244bVOG 20101 aVogel, Werner,d1949-10aLarge-scale solar thermal power :btechnologies, costs and development /cWerner Vogel and Henry Kalb. aWeinheim :bWiley-VCH,cc2010. axxx, 477 p. :bill. (some col.) ;c25 cm. aIncludes bibliographical references (p. 461-477). 0aSolar thermal energy. 0aSolar power plants.07aSonnenkraftwerk.2swd1 aKalb, Henry. a7bcbcccopycatd2encipf20gy-gencatlg 2ddccBK c355328d355328 00102ddc40708NFICaCAS-EbCAS-EcGENd2013-04-17eVictoria cog20259.00l0o621.31244 VOG 2010pCAS-E0000209r2014-04-17w2014-04-17yBK 00102ddc40708NFICaCAS-EbCAS-EcDISPLAYd2016-01-29eGolden booksg14497.00l3m2o621.31244 VOG 2010pCAS-E0001352r2017-01-10s2016-11-11tC-2w2016-01-29yBK